| 000 | 00358nam a2200121 4500 | ||
|---|---|---|---|
| 008 | 240222b |||||||| |||| 00| 0 eng d | ||
| 022 | _a13910582 | ||
| 245 | _aLogos-Vol. 36, no. 3 & 4 (April 1998) | ||
| 246 | _aDocuments of the Colombo meeting 19-26 April 1998 | ||
| 260 |
_aColombo : _bCentre for society & Religion, _c1998 |
||
| 300 | _b164 p. | ||
| 942 | _cCR | ||
| 999 |
_c4790 _d4790 |
||